000 00607nam a2200205 a 4500
005 20250116063830.0
008 991125s1928 es 000 0 spa u
035 _aUPN01000017093
049 _aCE
050 4 _aLB775
_bB8.3 1928
100 1 _aBunge, Carlos Octavio,
_d1875-1918
_930656
245 1 3 _aLa educación :
_btratado general de pedagogía /
_cCarlos Octavio Bunge.
250 _a7a ed.
260 _aMadrid :
_bEspasa-Calpe,
_c1928.
300 _a3 v.
440 0 _aObras completas de C.O. Bunge
500 _aDisponible en la Colección Medina
650 4 _aEducación
_9682
905 _aLibro
999 _c17093
_d17093